Catalog

Record Details

Catalog Search



Dlouhodobé tresty odnětí svobody  Cover Image Book Book

Dlouhodobé tresty odnětí svobody / [zpracovali Šárka Blatníková ... et al.]

Record details

  • ISBN: 80-7338-024-2
  • Physical Description: 195 s. : il. ; 21 cm
  • Edition: Vyd. 1.
  • Publisher: Praha : Institut pro kriminologii a sociální prevenci, 2004

Content descriptions

General Note:
160 výt.
Bibliography, etc. Note:
Obsahuje bibliografické odkazy
Target Audience Note:
Pro odbornou veřejnost
Language Note:
Anglické resumé
Subject: trest odnětí svobody > Česko
výkon trestu > Česko
imprisonment > Czechia
Genre: studie
studies

Available copies

  • 1 of 1 copy available at Common Catalog SPOK.

Holds

  • 0 current holds with 1 total copy.
Show Only Available Copies
Location Call Number / Copy Notes Barcode Shelving Location Status Due Date
Jabok Library Soc-7.6/B 424480019739 Odborná literatura Available -

LDR 01408cam a2200445 a 4500
0012221
003CZ-PrJAB
00520160129142841.0
007ta
008040820s2004 xr a f 000 0 cze
015 . ‡acnb001310448
020 . ‡a80-7338-024-2 ‡q(brož.) : ‡cneprodejné
035 . ‡a(CZ PrNK)cpk20041310448
035 . ‡a(OCoLC)85100195
040 . ‡aBOA001 ‡bcze ‡dABA001
0410 . ‡acze ‡beng
043 . ‡ae-xr---
072 7. ‡a343.8 ‡xVězeňství ‡2Konspekt ‡918
080 . ‡a343.26 ‡2MRF
080 . ‡a343.8 ‡2MRF
080 . ‡a(437.3) ‡2MRF
080 . ‡a(048.8) ‡2MRF
24500. ‡aDlouhodobé tresty odnětí svobody / ‡c[zpracovali Šárka Blatníková ... et al.]
250 . ‡aVyd. 1.
260 . ‡aPraha : ‡bInstitut pro kriminologii a sociální prevenci, ‡c2004
300 . ‡a195 s. : ‡bil. ; ‡c21 cm
4901 . ‡aStudie
500 . ‡a160 výt.
504 . ‡aObsahuje bibliografické odkazy
5218 . ‡aPro odbornou veřejnost
546 . ‡aAnglické resumé
65007. ‡atrest odnětí svobody ‡7ph126726 ‡zČesko ‡2czenas
65007. ‡avýkon trestu ‡7ph127435 ‡zČesko ‡2czenas
65009. ‡aimprisonment ‡zCzechia ‡2eczenas
655 7. ‡astudie ‡7fd133597 ‡2czenas
655 9. ‡astudies ‡2eczenas
7001 . ‡aBlatníková, Šárka, ‡d1974- ‡7xx0024279 ‡4aut
830 0. ‡aStudie (Institut pro kriminologii a sociální prevenci)
910 . ‡aABG312
901 . ‡a2221 ‡bUnknown ‡c2221 ‡tbiblio

Additional Resources